• 首页
  • 本馆介绍
  • 公告通知
  • 最新文献
  • 馆藏检索
  • 电子资源
  • 读者导购
  • 参考咨询
  • 我的图书馆
  • 登录
  • 详细信息显示
  • 放入我的书架
  • 预约/预借图书
  • 作者相关作品
  • 分类相关作品
  • 丛书相关作品
  • 出版社相关作品

书目信息

  • 表格格式
  • 工作单格式
  • 卡片格式
题名:
量子物理量子化学题解
    
 
作者: 小约翰逊 , Pedersen , Johnson , 佩德森 著 ;方可 译
分册: 上  
出版信息: 北京   贵州人民出版社  1983
页数: 285页
开本: 19cm
丛书名:
单 册:
中图分类: O413.1-44
科图分类:
主题词: 量子论--解题 , 量子化学--解题
电子资源:
ISBN:
000 00920nam0 2200289 45
001 0183011766
005 20070720190731.70
010    @dCNY1.10
100    @a19950929d1983 em y0chiy0121 ea
101 1  @achi@ceng
102    @aCN@b520000
105    @ay z000yy
200 10 @a量子物理量子化学题解@Aliang zi wu li liang zi hua xue ti jie@h上@f( )小约翰逊(C.S.Johnson),伯德森(L.G.Pedersen)著@g方可译
210    @a北京@c贵州人民出版社@d1983
215    @a285页@d19cm
510 1  @aProblems and Solutions in Quantum Chemistry and Physics@zeng
606    @a量子论@x解题
606    @a量子化学@x解题
690    @aO413.1-44@v3
701  1 @a小约翰逊@Axiao yue han xun@bC.S.@4著
701 A1 @aPedersen@bL.G.@4著
701 A1 @aJohnson@bC.S.@4著
701  1 @a佩德森@Apei de sen@bL.G.@4著
702  0 @a方可@Afang ke@4译
801  0 @aCN@bTSSF@c20070720
801  2 @aCN@bNLC@c20060728
905    @a10447@dO413.1-44@e67
    
    量子物理量子化学题解.上/( )小约翰逊(C.S.Johnson),伯德森(L.G.Pedersen)著/方可译.-北京:贵州人民出版社,1983
    285页;19cm
    
    
    ISBN :CNY1.10
    
●
相关链接 在E读中查询图书 在五车中查询图书 在当当中查询图书 在豆瓣中查询图书


正题名:量子物理量子化学题解     索取号:O413.1-44/67         预约/预借

序号 登录号 条形码 馆藏地/架位号 状态 备注
1 0433951   204339518   密集书库/ [索取号:O413.1-44/67] 在馆    
2 0769117   207691176   密集书库/ [索取号:O413.1-44/67] 在馆    
唐山师范学院图书馆 欢迎您!
大连网信软件有限公司© 版权所有